Govt. of
Madhya Pradesh

Textbook of Rural Sociology (Record no. 63558)

MARC details
000 -LEADER
fixed length control field 00243nam a22000977a 4500
100 ## - MAIN ENTRY--AUTHOR NAME
Personal name Roy,Dr. M.N.
245 ## - TITLE STATEMENT
Title Textbook of Rural Sociology
260 ## - PUBLICATION, DISTRIBUTION, ETC. (IMPRINT)
Place of publication New Delhi
Name of publisher Omega Publication
Year of publication 2017
650 ## - SUBJECT ADDED ENTRY--TOPICAL TERM
Topical Term Social Science
942 ## - ADDED ENTRY ELEMENTS (KOHA)
Koha item type Books
Holdings
Withdrawn status Lost status Damaged status Not for loan Home library Current library Date acquired Cost, normal purchase price Full call number Accession Number Price effective from Koha item type
        MACL MACL 07/10/2020 995.00 300 CRE037523 07/10/2020 Books